000 00386 a2200109 4500
001 ART_17301
005 20260410161819.0
008 260409a
245 1 0 _aLa extensión de la persecución penal a los delitos de evasión de las haciendas locales.
100 1 _aBello, Alberto M.
773 0 _tDoctrina Penal Tributaria y Económica
_g- Nº 27 (mayo 2013)
_wREV4317
999 _c22151
_d22151